000 00449nam a22001337a 4500
999 _c109212
_d109212
005 20201014110849.0
008 181129b ||||| |||| 00| 0 eng d
040 _cPK-LaUMT
082 _aRHC 297.74
_bAMI-D
100 _aAmin Ahsan Islahi
245 _aDawat e Din aur uska tareeq kar(دعوت دین اور اسکا طریق کار)/
_cAmin Ahsan Islahi
260 _aلاہور:
_bمرکزی مکتبہ جماعت اسلامی
_c1951
942 _cBK